000 03285nam a2200301 a 4500
001 000048035
003 DO-SdBNP
005 20210531123715.0
008 181102s2018 dr ac 000 0 spa d
020 _a9789945462999
040 _aBPMSU
_bspa
_cBPMSU
082 _a972.93054
_bJ85c 2018
_222
245 0 0 _aJottin Cury, el canciller de abril /
_cedición, prólogo y notas Juan Daniel Balcácer.
250 _a2a reimpresión
260 _aSanto Domingo :
_bComisión Permanente de Efemérides Patrias.,
_c2018.
300 _av. :
_bil., retrs. ;
_c23 cm.
490 0 _a50 Aniversario de la Gesta Patriótica de Abril de 1965
_v7
500 _aIncluye referencias bibliográficas y notas al pie de las páginas
500 _aIncluye datos biográficos de los autores en las solapas
505 0 _aContenido: ensayos, artículos, entrevistas -- Aspectos internacionales y negociaciones en la contienda --Nuestro antinorteamericanismo --Gobierno constitucional de la RD. Declaración sobre el informe de la Comisión de Criminólogos de la OEA --Exposición ante la Segunda Conferencia Interamericana -- Mis vivencias del 24 de abril, 45 años después de la guerra --República Dominicana: causas y consecuencias de la invasión norteamericana de 1065 --Testimonio de Jottin Cury: La ONU , Caamaño y yo --El 24 de abril de 1965 y la opinión pública mundial --Bosch postuló tesis de un gobierno fuerte con el respaldo de las mayorías populares --Democracia de papel, llama un líder perredeista al gobierno actual --Considera envenenada oferta de OEA a los constitucionalistas. DECLARACIONES A LA PRENSA EN 1965: --Gobierno denuncia hacen genocidio --Ministro Jottin Cury denuncia serie atropellos en parte alta de la ciudad --Ministro Cury refuta pronunciamiento de Rusk --Canciller refuta afirmación secretario general de la OEA --RD protesta tutela --El gobierno exige salida --Cury protesta atropello en SFM --ADOMA hace solicitud a canciller Jottin Cury --Canciller dice pueblo tiene batalla ganada --Canciller afirma RD mantiene protesta --Protesta violación --Genocidio es horripilante. Canciller dice no sorprende --Maniobra contra la RD? Piden que ONU envíe comisión de derechos humanos --En marcha la agresión yanqui a la RD informa a jefes de estado --Esperan solución pronta dice Cury: será loa próxima semana --Canciller Cury denuncia violaciones de cese al fuego __ONU podría resolver el caso de RDE, dice Cury -Canciller afirma conversaciones han llegado a un punto muerto. --Rechazan acusación del PCD --Gobierno aceptaría acuerdo rueda de prensa --El gobierno constitucional envía cable a secretario U Thant. Epistolario Cablegramas y otros documentos, : -- La razón de Jottin (Narciso Isa Conde) --Jottin Cury: barahonero tenas (Virgilio Gautreaux) --Jottin Cury en el afán nacionalista del perredeísmo combatiente (Sebastián del Pilar Sánchez).
590 _aInventariado, 2021/VM
600 4 _aCury Elías, Jottin,
_d1920-2011
651 4 _aRepública Dominicana
_xHistoria
_yRevolución,1965
700 1 _aBalcácer, Juan Daniel,
_epról.
710 2 _aComisión Permanente de Efemérides Patrias (República Dominicana)
830 0 _aColección 50 Aniversario de la Gesta Patriótica de Abril de 1965
942 _2ddc
_cBK
999 _c13546
_d13546